Thermal engineering (Record no. 1816)

000 -LEADER
fixed length control field 00745nam a2200241 a 4500
001 - CONTROL NUMBER
control field 1816
003 - CONTROL NUMBER IDENTIFIER
control field BD-DhUET
008 - FIXED-LENGTH DATA ELEMENTS--GENERAL INFORMATION
fixed length control field 040819s2004 bg a b 101 0 eng
020 ## - INTERNATIONAL STANDARD BOOK NUMBER
International Standard Book Number 9843210034
040 ## - CATALOGING SOURCE
Original cataloging agency DLC
Transcribing agency DLC
Modifying agency BD-DhUET
082 ## - DEWEY DECIMAL CLASSIFICATION NUMBER
Classification number 532
Item number INT/2004
111 ## - MAIN ENTRY--MEETING NAME
Meeting name or jurisdiction name as entry element International conference on thermal engineering
Location of meeting Dhaka
Date of meeting 01/02/2004
Number of part/section/meeting 2nd
245 ## - TITLE STATEMENT
Title Thermal engineering
260 ## - PUBLICATION, DISTRIBUTION, ETC. (IMPRINT)
Place of publication, distribution, etc. Dhaka
Name of publisher, distributor, etc. Bangladesh Society of Mechanical Engineers
Date of publication, distribution, etc. 2004
300 ## - PHYSICAL DESCRIPTION
Extent xvii, 602p.p.-1172 p.
Other physical details ill.
Dimensions 25 cm.
500 ## - GENERAL NOTE
General note Vol-II
504 ## - BIBLIOGRAPHY, ETC. NOTE
Bibliography, etc Includes bibliographies
650 #0 - SUBJECT ADDED ENTRY--TOPICAL TERM
Topical term or geographic name as entry element Fluid mechanics
700 ## - ADDED ENTRY--PERSONAL NAME
Personal name Imtiaz Hossain, M.
711 ## - ADDED ENTRY--MEETING NAME
Meeting name or jurisdiction name as entry element Organized by BSME
Relator term edt: Imtiaz Hossain, M.
711 ## - ADDED ENTRY--MEETING NAME
Meeting name or jurisdiction name as entry element Sponsord by AFA steel industries
942 ## - ADDED ENTRY ELEMENTS (KOHA)
Koha item type Proceedings
Holdings
Date acquired Koha normalized classification for sorting Price effective from Koha date last seen Shelving location Not for loan Koha item type Copy number Lost status Damaged status Koha full call number Location (home branch) Piece designation (barcode) Withdrawn status Sublocation or collection (holding branch) Source of classification or shelving scheme
2015-01-18532_000000000000000_INT_20042015-01-182015-01-18Circulation section Proceedings1  532/INT/2004Central Library, BUET99048 Central Library, BUET 
2015-01-18532_000000000000000_INT_20042015-01-182016-08-23Circulation section Proceedings2  532/INT/2004Central Library, BUET99049 Central Library, BUET 
2015-01-18532_000000000000000_INT_20042015-01-182015-01-18Circulation section Proceedings3  532/INT/2004Central Library, BUET99051 Central Library, BUET 
2016-08-14532_000000000000000_INT_20042016-08-142016-08-14Circulation section Proceedings4  532/INT/2004Central Library, BUET99050 Central Library, BUET